000 00711nam a2200217 i 4500
001 189213
003 SpMaBN
005 20240104171050.0
008 190425s2016 sp |||| |dspa d
020 _a978-84-944814-4-4
080 _a821.134.2-31"19"
100 1 _aMachuca, Manuel (
_d1963-)
_9166891
245 1 0 _aTres mil viajes al sur /
_cManuel Machuca.
250 _a1ª ed.
260 _a[Sevilla] :
_bAnantes,
_c2016.
300 _a265 p. ;
_c21 cm.
852 _aES-MaACL
_jA-14502
_9196351
_bR.151698
_cDEPO1
_dOlim: N-7502
_gDedicatoria autógrafa del autor
_hDonación: Manuel Machuca
903 _9166891
_aMachuca, Manuel (
_d1963-)
_ednr
942 _2udc
_cMONOGRAFIA
999 _c189213
_d189213